| 000 | 004390000a22001810004500 | ||
|---|---|---|---|
| 003 | MACL | ||
| 005 | 20150912153733.0 | ||
| 008 | 150912b xxu||||| |||| 00| 0 eng d | ||
| 040 |
_aMACL _cMACL |
||
| 041 | _aEnglish | ||
| 082 | _a823/GUP | ||
| 100 |
_aGupta R S _910450 |
||
| 245 | _aSemi'otics In bi'lingual,ism | ||
| 260 |
_bAcademic Excellence _c2007 _aNew Delhi |
||
| 350 | _a550 | ||
| 650 |
_aFicition _910451 |
||
| 942 |
_cBK _k823 _2ddc |
||
| 999 |
_c2329 _d2329 |
||